00360nam a22001217a 4500082000900000100002800009245013100037260001300168300001300181526001800194650001200212700001400224 aP-19 aSherjeel Ashraf (Syn 4) aComputer aided design of reinforced concrete beams (Syn 4)cAmer Nawaz, Muhammad Idrees, Muhammad Ashfaq, Muhammad Obdal Haque aMCEbMCE a121 p. : a0b0c0dP_19 aProject aArif Raza